000 00330nam a22001337a 4500
003 OSt
008 240717b |||||||| |||| 00| 0 eng d
082 _a638.1
_bN28P
100 _aIndia Nat Hort Board
245 _aFirst National Conference on Beekeeping
260 _aIndia Nat Hort Board
300 _a117+39
942 _2ddc
_cRP
999 _c41439
_d41439